Nové prognózy populačného vývoja Slovenskej republiky do roku 2025

Bibliographic Details
Main Author: Tirpák, Michal (Author)
Format: Article
Language:Slovak
PhysicalDescription:Grafy, tab.
ISSN:1210-1095
Subjects:

MARC

LEADER 00000nab a2200000 a 4500
001 vtls000838793
003 SK-MaSNL
005 20260426093833.0
008 250429c2003 xo 0 slo
015 |a SNBRBRRRR/07-19105 
035 |a CLN000190448 
035 |a urn:nbn:sk:snk-ab765m 
035 |a (uuid)14fb2048-2bec-4a80-a947-81de6e0dac2b 
035 |a (urnnbn)urn:nbn:sk:snk:ar-a071ci 
035 |a (sysno)vtls000838793 
040 |a SNKBUCL  |b slo  |c SNKBUCL  |e AACR2 
041 0 |a slo 
044 |a xo  |c SK 
080 |a 31:314(437.6)  |2 1997 
080 |a 314(437.6)  |2 1997 
100 1 |a Tirpák, Michal  |4 aut  |9 794038 
245 1 0 |a Nové prognózy populačného vývoja Slovenskej republiky do roku 2025  |c Michal Tirpák 
300 |b Grafy, tab. 
504 |a Bibliogr. odkazy 
504 |a Res. angl., slov. 
648 7 |a 2000-2025  |2 SNK  |9 1497056 
650 0 7 |a demografia  |2 SNKPH  |9 3827 
650 0 7 |a štatistika  |2 SNKPH  |9 778 
650 0 7 |a demografický vývoj  |2 SNK  |9 3826 
651 7 |a Slovensko  |2 SNKPHgeo  |9 14231 
655 7 |a články z novín a časopisov  |2 SNK  |9 267496 
773 0 |t Slovenská štatistika a demografia  |g Roč. 13, č. 1 (2003), s. 56-68  |x 1210-1095 
850 |a Slovenská národná knižnica 
852 |a Slovenská národná knižnica 
954 |a odborná, vedecká literatúra pôvodná (slovenská)  |2 lita 
958 |a article27 
958 |a SK 
958 |a OND 
958 |a EUIPO 
999 |c 3117331  |d 3119261